<?xml version="1.0" encoding="UTF-8"?><?xml-stylesheet type="text/xsl" href="static/style.xsl"?><OAI-PMH xmlns="http://www.openarchives.org/OAI/2.0/" xmlns:xsi="http://www.w3.org/2001/XMLSchema-instance" xsi:schemaLocation="http://www.openarchives.org/OAI/2.0/ http://www.openarchives.org/OAI/2.0/OAI-PMH.xsd"><responseDate>2026-04-27T13:09:05Z</responseDate><request verb="GetRecord" identifier="oai:uvadoc.uva.es:10324/70014" metadataPrefix="marc">https://uvadoc.uva.es/oai/request</request><GetRecord><record><header><identifier>oai:uvadoc.uva.es:10324/70014</identifier><datestamp>2025-03-26T19:45:17Z</datestamp><setSpec>com_10324_70009</setSpec><setSpec>com_10324_5186</setSpec><setSpec>com_10324_29291</setSpec><setSpec>col_10324_70010</setSpec></header><metadata><record xmlns="http://www.loc.gov/MARC21/slim" xmlns:doc="http://www.lyncode.com/xoai" xmlns:xsi="http://www.w3.org/2001/XMLSchema-instance" xmlns:dcterms="http://purl.org/dc/terms/" xsi:schemaLocation="http://www.loc.gov/MARC21/slim http://www.loc.gov/standards/marcxml/schema/MARC21slim.xsd">
<leader>00925njm 22002777a 4500</leader>
<datafield tag="042" ind1=" " ind2=" ">
<subfield code="a">dc</subfield>
</datafield>
<datafield tag="720" ind1=" " ind2=" ">
<subfield code="a">Engra Minaya, Sara</subfield>
<subfield code="e">author</subfield>
</datafield>
<datafield tag="260" ind1=" " ind2=" ">
<subfield code="c">2024</subfield>
</datafield>
<datafield tag="520" ind1=" " ind2=" ">
<subfield code="a">Los estudios lingüísticos sobre el habla de las personas queer son un ámbito de investigación emergente en el mundo hispánico, aunque internacionalmente se trate de una disciplina más establecida (Levon y Mendes, 2016). En esta investigación, se busca examinar algunos aspectos lingüísticos del habla de las personas queer y cisheterosexuales online en un corpus de 300 tweets diseñado ad hoc, generado a partir de búsquedas de los términos maricón y bollera en Twitter. Basándonos en trabajos previos (Navarro-Carrascosa, 2021), nos hemos interesado por rasgos lingüísticos propuestos para la comunidad LGTBI+, como la resignificación de términos ofensivos, las prácticas de translenguaje con el inglés (Leap, 2020) y el empleo de tacos. Al mismo tiempo, se han considerado la alineación o el distanciamiento que los participantes queer y cisheterosexuales con su grupo de referencia y qué tácticas de autenticación o desnaturalización de identidades (Bucholtz y Hall, 2005) emplean los usuarios de estos términos para su trabajo identitario. Los resultados muestran que los usuarios de maricón y bollera construyen identidades sociolingüísticas distintas con rasgos lingüísticos endogrupales dependiendo de su afiliación hacia el colectivo LGTB+.</subfield>
</datafield>
<datafield tag="024" ind2=" " ind1="8">
<subfield code="a">MariCorners: Revista de Estudios Interdisciplinares LGTBIA+ y queer; Vol. 1 Núm. 1 (2024): MariCorners: Estudios Interdisciplinares LGTBIA+ y Queer pags. 235-266</subfield>
</datafield>
<datafield tag="024" ind2=" " ind1="8">
<subfield code="a">3020-9552</subfield>
</datafield>
<datafield tag="024" ind2=" " ind1="8">
<subfield code="a">https://uvadoc.uva.es/handle/10324/70014</subfield>
</datafield>
<datafield tag="024" ind2=" " ind1="8">
<subfield code="a">10.24197/mcreilq.1.2024.235-266</subfield>
</datafield>
<datafield tag="024" ind2=" " ind1="8">
<subfield code="a">235</subfield>
</datafield>
<datafield tag="024" ind2=" " ind1="8">
<subfield code="a">1</subfield>
</datafield>
<datafield tag="024" ind2=" " ind1="8">
<subfield code="a">266</subfield>
</datafield>
<datafield tag="245" ind1="0" ind2="0">
<subfield code="a">Identidades sociolingüísticas y reapropiación: análisis sociocultural de maricón y bollera en un corpus de Twitter</subfield>
</datafield>
</record></metadata></record></GetRecord></OAI-PMH>